| 000 | 00455nam a2200169Ia 4500 | ||
|---|---|---|---|
| 008 | 210210b2005 xxu||||| |||| 00| 0 eng d | ||
| 020 | _a81 8356 038 5 | ||
| 041 | _aeng | ||
| 082 | _a660.6 YADI | ||
| 100 | _aYADAV (P R) and TYAGI (Rajiv). | ||
| 245 | _aIndustrial biotechnology. | ||
| 260 |
_aN D _bDiscovery Publishing House _c2005 |
||
| 300 | _a290 | ||
| 650 | _aIndustrial Biotechnology | ||
| 690 | _aIndustrial Biotechnology | ||
| 906 | _aSG04757 | ||
| 999 |
_c115452 _d115452 |
||